| 000 | 00398cam a2200157ua 4500 | ||
|---|---|---|---|
| 041 |
_aeng _h |
||
| 082 |
_a515 _bATK/IN |
||
| 100 | _aAtkinson, Kendall E . | ||
| 245 |
_aIntroduction to numerical analysis / _cKendall E Atkinson. _hTextual Documents |
||
| 250 |
_a2 / _b. |
||
| 260 |
_aNew Delhi : _bWiley India , _c2008. |
||
| 300 | _a ; . | ||
| 504 | _a | ||
| 942 | _cBK | ||
| 999 |
_c13518 _d13518 |
||